Регионална библиотека "Любен Каравелов" - Русе

Основи на програмирането на ЕИМ (Запис номер 59291)

MARC детайли
000 -Лидер
Контролно поле с фиксирана дължина nam a22 a 4500
003 - Код на организацията, давaща контролен номер
Контролно поле BLK
005 - Дата и час на последна редакция
Контролно поле 20221129100411.0
008 - Елементи от данни с фиксирана дължина
fixed length control field 180408b bul|||||r ||||||| ||bul||
010 ## - Наследен системен номер
LC control number KNG00063379000
040 ## - Източник на каталожния запис
Идентификатор на билиотеката - собственик на записа BLK
041 ## - Код за език
Код за езика на текст/звукозапис или на отделно заглавие Български
Код за езика КДБФ Български
080 ## - УДК
Текстов определител УДК Програмиране и теория на изчислителните машини. Вж и 519.85; 681.3.06
УДК код - определител по УДК 519.68
УДК определител (075.8)
УДК - код + определител 519.68(075.8)
100 1# - Редна дума - Автор
Автор Щерев, Андрей
Авторска отговорност първи автор
R(LIN) 288872
139 ## - Редно поле
Редна дума Основи на програмирането на ЕИМ
Авторски знак Осн - О 83
245 10 - Сведения за заглавието
Заглавие Основи на програмирането на ЕИМ
Подзаглавни данни Учебник за студентите от ВИИ
Редно поле (дума) Андрей Щерев.
257 ## - Страна на издаване
Страна на създаване/издаване България
260 ## - Област на издателските данни
Място на издаване, разпространение и проч. София
Име на издателя, разпространителя и проч. Наука и изкуство
Година на издаване 1979
300 ## - Физическа характеристика
Страници 415 с.
Размери/Мащаб 22 см
380 ## - Жанр
Жанр Естествени науки. Математика
500 ## - Общи забележки
Забележка Библиогр. с.406-407.
650 #4 - Допълнително описание по предмет – тема
Основно описание – тема или топоним Изчислителни машини, електронни - програмиране
9 (RLIN) 243269
852 ## - Местоположение
Форматна сигнатура Цб 99760
856 4# - Електронен адрес и достъп
Електронен формат pdf - файл
Инструкция (цена за достъп) 0.00
Права за достъп disable
856 4# - Електронен адрес и достъп
Електронен формат pdf - файл
Инструкция (цена за достъп) 0.00
Права за достъп disable
999 ## - СИСТЕМНИ КОНТРОЛНИ НОМЕРА
Koha biblionumber 59291
Koha biblioitemnumber 59291
942 ## - АРТИКУЛИ
Вид на библиотечния материал Книги
Скрит в OPAC Не
Периодичен библиозапис Да
944 ## - СЪЗДАВАНЕ И РЕДАКЦИЯ на ЗАПИСА
Създаване/Редакция Създаване
Дата на регистрацията/редакция 13.06.2004
Служител, извършил регистрацията/редакцията Читалня
944 ## - СЪЗДАВАНЕ И РЕДАКЦИЯ на ЗАПИСА
Създаване/Редакция Редакция
Дата на регистрацията/редакция 02.09.2015
Служител, извършил регистрацията/редакцията Геновева_Генчева
944 ## - СЪЗДАВАНЕ И РЕДАКЦИЯ на ЗАПИСА
Създаване/Редакция Редакция
Дата на регистрацията/редакция 2022-11-29
Служител, извършил регистрацията/редакцията ир
999 ## - СИСТЕМНИ КОНТРОЛНИ НОМЕРА
Koha biblioitemnumber 59291
Наличности
Код за отписване Код за изгубен артикул Източник на класификационната схема Код за повреда Коз за рестрикции Код за отдаване Артикулен № Име на библиотеката - собственик Име на библиотеката, в която се намира в момента Статус (Текущо местоположение) Дата на вписване в системата Местоположение - отдел Цена в лева Инвентарен номер Систематично азбучна сигнатура Баркод Номер на екземпляра Цена в евро Служебна бележка Служебен тип на артикула
Изтеглен Не е изгубен Universal Decimal Classification Не е повреден без рестрикции ползва се в читалня 96700 Регионална библиотека "Любен Каравелов" Русе Регионална библиотека "Любен Каравелов" Русе Читалня 1993-01-01 Читалня 1.23 290123 Ч 519.68/О 83 290123 1 0.63 Дата инв: 15.03.2017 Бележки инв: Ч2017 Книги
Изтеглен Не е изгубен Universal Decimal Classification Не е повреден без рестрикции заемане за дома 96701 Регионална библиотека "Любен Каравелов" Русе Регионална библиотека "Любен Каравелов" Русе Заемна - подръчен фонд 1979-01-01 Заемна - подръчен фонд 1.23 290121 П 519.68/О 83 290121 2 0.63 Дост: Pk Вид: Ф N: стар фонд Дата: 01.01.1979 Книги
Изтеглен Не е изгубен Universal Decimal Classification Не е повреден без рестрикции заемане за дома 96702 Регионална библиотека "Любен Каравелов" Русе Регионална библиотека "Любен Каравелов" Русе Заемна - подръчен фонд 1979-01-01 Заемна - подръчен фонд 0.00 290122 П 519.68/О 83 290122 3 0.00 Дост: Pk Вид: Ф N: стар фонд Дата: 01.01.1979 Книги
  Не е изгубен Universal Decimal Classification Не е повреден само за читалня ползва се в читалня 96703 Регионална библиотека "Любен Каравелов" Русе Регионална библиотека "Любен Каравелов" Русе Хранилище 1979-01-01 Хранилище 1.23 287851 Цб 99760 120000287851 4 0.63 Дост: Dp Вид: Д N: стар фонд Дата: 01.01.1979 Книги
Vip Innovations Ltd, Rousse, Bulgaria 2025